[Event "Isle of Wight International"]
[Site "Ryde"]
[Date "2025.02.21"]
[Round "6.49"]
[White "Vashisht-Pigem, Raman"]
[Black "Galvan Cipriani, Viviana"]
[Result "1/2-1/2"]
[WhiteElo "2023"]
[BlackElo "2096"]
[PlyCount "167"]
[EventDate "2025.02.18"]
[EventType "swiss"]
[EventRounds "9"]
[EventCountry "ENG"]
[SourceTitle "BritBase"]
[Source "John Saunders"]
[SourceDate "2025.02.21"]
[SourceVersion "1"]
[SourceVersionDate "2025.02.21"]
[SourceQuality "1"]

1. e4 c5 2. Nf3 Nc6 3. Bb5 g6 4. O-O Bg7 5. Re1 e5 6. Bxc6 dxc6 7. d3 Qc7 8. a4 a5 9. Be3 b6 10. Nbd2 Nf6 11. h3 Ba6 12. b3 Nd7 13. Nc4 Nf8 14. Qd2 h6 15. Qc3 Nd7 16. Qd2 Rd8 17. Rad1 Nf8 18. Nh2 g5 19. Nf1 Ng6 20. Ng3 Bc8 21. Nh5 O-O 22. Qe2 Be6 23. Qf3 f6 24. Nd2 Qd7 25. Nf1 Nh4 26. Qg3 Qf7 27. Nxg7 Qxg7 28. Bd2 Kh7 29. Ne3 Rb8 30. Nc4 Rg8 31. Bc3 Ng6 32. Ne3 Qd7 33. Qf3 Rbf8 34. Nf5 Bxf5 35. exf5 Nh4 36. Qe4 Qxf5 37. Qxc6 g4 38. Qe4 h5 39. Qxf5+ Nxf5 40. hxg4 hxg4 41. Re4 Nd6 42. Re3 Kg6 43. Rg3 Kf7 44. f3 Nf5 45. Rxg4 Rxg4 46. fxg4 Ne3 47. Rd2 Nxg4 48. Bb2 Rd8 49. Kf1 Ke6 50. Ke2 Rh8 51. Kf3 f5 52. Rd1 Nh2+ 53. Ke2 Ng4 54. Kf3 Rh2 55. Re1 Kd5 56. Kg3 Rh7 57. Kf3 Nh2+ 58. Kf2 Ng4+ 59. Kf3 Rh6 60. Kg3 Rh5 61. Kf3 Rh8 62. Kg3 Rh6 63. Kf3 Rh7 64. Kg3 Ne3 65. Kf3 f4 66. c4+ Ke6 67. Ke4 Rh5 68. g3 Nc2 69. Re2 fxg3 70. Kf3 Nd4+ 71. Bxd4 cxd4 72. Kxg3 Rf5 73. b4 axb4 74. Rb2 Kd6 75. Rxb4 Kc6 76. Rb5 Rf1 77. Rxe5 Rd1 78. Kf3 Rxd3+ 79. Ke4 Re3+ 80. Kxd4 Rxe5 81. Kxe5 Kc5 82. Ke6 Kxc4 83. Kd6 Kb4 84. Kd5 1/2-1/2

[Event "Isle of Wight International"]
[Site "Ryde"]
[Date "2025.02.21"]
[Round "6.50"]
[White "Fathallah, Joe"]
[Black "Skettos, Nicolas"]
[Result "0-1"]
[WhiteElo "2044"]
[BlackElo "1966"]
[PlyCount "168"]
[EventDate "2025.02.18"]
[EventType "swiss"]
[EventRounds "9"]
[EventCountry "ENG"]
[SourceTitle "BritBase"]
[Source "John Saunders"]
[SourceDate "2025.02.21"]
[SourceVersion "1"]
[SourceVersionDate "2025.02.21"]
[SourceQuality "1"]

1. d4 d5 2. c4 dxc4 3. e4 e5 4. Nf3 exd4 5. Bxc4 Nc6 6. O-O Be6 7. Bxe6 fxe6 8. Qb3 Qd7 9. Qxb7 Rb8 10. Qa6 Nge7 11. Nbd2 Ng6 12. b3 Be7 13. Ba3 O-O 14. Bxe7 Ngxe7 15. Rac1 Rb6 16. Qc4 h6 17. Rfd1 Kh7 18. e5 Ng6 19. Qd3 Qf7 20. Nc4 Rbb8 21. Qe4 Nb4 22. Rxd4 Nxa2 23. Ra1 Nc3 24. Qc2 Nb5 25. Rd3 Kg8 26. Rad1 Nf4 27. Rd7 Qh5 28. Ne3 Nxg2 29. Nxg2 Qxf3 30. R1d2 c5 31. Qg6 Rf7 32. Rd8+ Rxd8 33. Rxd8+ Rf8 34. Qxe6+ Kh7 35. Rd2 Nd4 36. Qc4 Qxb3 37. Qxb3 Nxb3 38. Rb2 Nd4 39. f4 Nf3+ 40. Kf2 Nxe5 41. Rb5 Ng6 42. Ke3 Rc8 43. Kd3 Rd8+ 44. Kc3 Rf8 45. Rxc5 Nxf4 46. Ne3 Rf7 47. Nc4 Rc7 48. Ra5 Ne2+ 49. Kd3 Nf4+ 50. Kd4 Ne6+ 51. Kd5 Ng5 52. Na3 Nf3 53. h3 Ng1 54. h4 Rf7 55. Ke4 Rb7 56. Kf4 Ne2+ 57. Kf3 Nd4+ 58. Kg2 Nc6 59. Ra6 Rb2+ 60. Kg3 Ra2 61. h5 Kg8 62. Kf4 Kf7 63. Ke4 Ke7 64. Kf5 Kf7 65. Ke4 Re2+ 66. Kd3 Nb4+ 67. Kxe2 Nxa6 68. Kf3 Nc7 69. Nc4 Kf6 70. Kg4 g6 71. hxg6 Kxg6 72. Ne5+ Kf6 73. Nd7+ Kg6 74. Ne5+ Kg7 75. Nc6 a6 76. Kf5 Nd5 77. Na5 Nb6 78. Nb7 Nc4 79. Nc5 a5 80. Ne6+ Kf7 81. Nd8+ Ke8 82. Nc6 a4 83. Kg6 Ne5+ 84. Nxe5 a3 0-1

[Event "Isle of Wight International"]
[Site "Ryde"]
[Date "2025.02.21"]
[Round "6.51"]
[White "Pick, Freddie"]
[Black "Eagleton, Greg T"]
[Result "1-0"]
[WhiteElo "1994"]
[BlackElo "2042"]
[PlyCount "73"]
[EventDate "2025.02.18"]
[EventType "swiss"]
[EventRounds "9"]
[EventCountry "ENG"]
[SourceTitle "BritBase"]
[Source "John Saunders"]
[SourceDate "2025.02.21"]
[SourceVersion "1"]
[SourceVersionDate "2025.02.21"]
[SourceQuality "1"]

1. e4 c5 2. Nf3 d6 3. d4 cxd4 4. Nxd4 Nf6 5. Nc3 a6 6. Bg5 e6 7. Qf3 Be7 8. O-O-O Nbd7 9. g4 Qc7 10. Bd2 Ne5 11. Qg2 Nc4 12. g5 Nd7 13. f4 b5 14. a3 Qc5 15. Nb3 Qc7 16. h4 Ndb6 17. Bxc4 bxc4 18. Nd4 O-O 19. h5 d5 20. g6 Bc5 21. Be3 h6 22. gxf7+ Qxf7 23. Qd2 Qe7 24. Rdg1 Rf7 25. Rg6 Bd7 26. Rhg1 Kh8 27. Qg2 e5 28. fxe5 Qxe5 29. Qd2 Qxh5 30. Bxh6 Rf1+ 31. Rxf1 Qxg6 32. Be3 Rf8 33. Rh1+ Kg8 34. Kb1 dxe4 35. Rg1 Qf6 36. Nxe4 Qe5 37. Nxc5 1-0

[Event "Isle of Wight International"]
[Site "Ryde"]
[Date "2025.02.21"]
[Round "6.53"]
[White "Buckland, Louis"]
[Black "Freeland, Alex"]
[Result "1/2-1/2"]
[WhiteElo "1919"]
[BlackElo "2025"]
[PlyCount "123"]
[EventDate "2025.02.18"]
[EventType "swiss"]
[EventRounds "9"]
[EventCountry "ENG"]
[SourceTitle "BritBase"]
[Source "John Saunders"]
[SourceDate "2025.02.21"]
[SourceVersion "1"]
[SourceVersionDate "2025.02.21"]
[SourceQuality "1"]

1. d4 Nf6 2. c4 e6 3. g3 d5 4. Bg2 c6 5. Nf3 Nbd7 6. O-O dxc4 7. Qc2 Bd6 8. Nbd2 O-O 9. Nxc4 Bc7 10. b3 Re8 11. Rd1 Nb6 12. e4 Bd7 13. Nce5 Qe7 14. a4 a5 15. Ba3 Bd6 16. Bxd6 Qxd6 17. Nxf7 Kxf7 18. e5 Qf8 19. exf6 gxf6 20. Qxh7+ Qg7 21. Qh5+ Qg6 22. Qxg6+ Kxg6 23. Re1 Nd5 24. Nh4+ Kf7 25. f4 b5 26. axb5 cxb5 27. Nf5 Ra6 28. Bxd5 exd5 29. Rxe8 Kxe8 30. Ne3 Bc6 31. b4 a4 32. Kf2 Bb7 33. Ke2 Kf7 34. Kd2 Ke6 35. Kc3 Ra8 36. Rc1 Kd6 37. Kb2 Re8 38. Re1 Kd7 39. Ng2 Rc8 40. Ne3 Re8 41. h4 f5 42. Kc3 Bc6 43. Kd2 Re4 44. Nc2 Rxe1 45. Kxe1 Ke6 46. Kf2 Kf6 47. Kf3 Bd7 48. Na3 Kg6 49. Nb1 Kh5 50. Nc3 Bc6 51. Kf2 Kg4 52. Kg2 Be8 53. Nd1 a3 54. Ne3+ Kh5 55. Kf2 Kh6 56. Nc2 a2 57. Kf3 Kh5 58. Na1 Bf7 59. Nb3 Be8 60. Na1 Bf7 61. Nb3 Be8 62. Na1 1/2-1/2

[Event "Isle of Wight International"]
[Site "Ryde"]
[Date "2025.02.21"]
[Round "6.54"]
[White "Sasikumar, Srivathsan"]
[Black "Collyer, David"]
[Result "1/2-1/2"]
[WhiteElo "1992"]
[BlackElo "1929"]
[PlyCount "51"]
[EventDate "2025.02.18"]
[EventType "swiss"]
[EventRounds "9"]
[EventCountry "ENG"]
[SourceTitle "BritBase"]
[Source "John Saunders"]
[SourceDate "2025.02.21"]
[SourceVersion "1"]
[SourceVersionDate "2025.02.21"]
[SourceQuality "1"]

1. e4 e5 2. Nc3 Nf6 3. f4 d5 4. fxe5 Nxe4 5. Qf3 Nxc3 6. bxc3 c5 7. Bb5+ Nc6 8. Ne2 Be7 9. O-O O-O 10. Bxc6 bxc6 11. d4 f6 12. Qg3 fxe5 13. Bh6 Rxf1+ 14. Rxf1 Bf8 15. dxe5 Ba6 16. Re1 Bxe2 17. Rxe2 Kh8 18. Bg5 Be7 19. Bxe7 Qxe7 20. e6 c4 21. Qe5 Rf8 22. h3 h6 23. Kh2 Kg8 24. Re3 Re8 25. Rg3 Rf8 26. Re3 1/2-1/2

[Event "Isle of Wight International"]
[Site "Ryde"]
[Date "2025.02.21"]
[Round "6.55"]
[White "Ward, Cian"]
[Black "Lukhi, Neev"]
[Result "1/2-1/2"]
[WhiteElo "1866"]
[BlackElo "1963"]
[PlyCount "35"]
[EventDate "2025.02.18"]
[EventType "swiss"]
[EventRounds "9"]
[EventCountry "ENG"]
[SourceTitle "BritBase"]
[Source "John Saunders"]
[SourceDate "2025.02.21"]
[SourceVersion "1"]
[SourceVersionDate "2025.02.21"]
[SourceQuality "1"]

1. e4 e6 2. d4 d5 3. Nd2 c5 4. exd5 Qxd5 5. dxc5 Bxc5 6. Ngf3 Nf6 7. Bc4 Qd8 8. O-O O-O 9. Qe2 Nbd7 10. Nb3 Be7 11. Bf4 Nh5 12. Be3 Qc7 13. Nfd4 Nf4 14. Bxf4 Qxf4 15. Rfe1 Nc5 16. Nf3 a6 17. Nxc5 Bxc5 18. Bd3 1/2-1/2

[Event "Isle of Wight International"]
[Site "Ryde"]
[Date "2025.02.21"]
[Round "6.56"]
[White "Varro, Daniel"]
[Black "Chilton, James I"]
[Result "0-1"]
[WhiteElo "1925"]
[BlackElo "1799"]
[PlyCount "132"]
[EventDate "2025.02.18"]
[EventType "swiss"]
[EventRounds "9"]
[EventCountry "ENG"]
[SourceTitle "BritBase"]
[Source "John Saunders"]
[SourceDate "2025.02.21"]
[SourceVersion "1"]
[SourceVersionDate "2025.02.21"]
[SourceQuality "1"]

1. c4 e5 2. Nc3 Nf6 3. g3 Bc5 4. Bg2 O-O 5. e3 Re8 6. Nge2 c6 7. O-O d6 8. d4 Bb6 9. b3 Bf5 10. h3 Qc8 11. Kh2 Na6 12. Ba3 Qe6 13. d5 cxd5 14. Nxd5 Nxd5 15. Qxd5 Bc5 16. Qxe6 Bxe6 17. Bxb7 Bxa3 18. Bxa6 Rab8 19. Bb5 Rec8 20. Rad1 Bb4 21. e4 Rb6 22. a3 Bxa3 23. Ra1 a6 24. Bd7 Bxd7 25. Rxa3 Rcb8 26. Nc1 f5 27. Re1 Rf8 28. exf5 Rxf5 29. Re2 Rh5 30. h4 g5 31. Rea2 Bc8 32. c5 dxc5 33. Ra4 Rbh6 34. Nd3 gxh4 35. Rxh4 Rxh4+ 36. gxh4 Rxh4+ 37. Kg2 c4 38. bxc4 Rg4+ 39. Kh2 Rxc4 40. Nxe5 Re4 41. Ra5 Bb7 42. Kg3 Rb4 43. f4 Kg7 44. Rc5 Kf6 45. Kg4 h5+ 46. Kxh5 Rxf4 47. Ng4+ Ke6 48. Kg5 Rd4 49. Nf6 Rb4 50. Rc7 Rb5+ 51. Kg6 a5 52. Rc3 Rb4 53. Re3+ Kd6 54. Rd3+ Kc5 55. Nd7+ Kb5 56. Kf6 a4 57. Rd6 Bc6 58. Ne5 Be4 59. Nd7 a3 60. Rd1 a2 61. Ra1 Bb1 62. Ne5 Rb2 63. Nf3 Rf2 64. Ke5 Rxf3 65. Kd4 Rd3+ 66. Ke4 Kc4 0-1

[Event "Isle of Wight International"]
[Site "Ryde"]
[Date "2025.02.21"]
[Round "6.57"]
[White "Sui, Yueyue"]
[Black "McMahon, Paul"]
[Result "0-1"]
[WhiteElo "1805"]
[BlackElo "1919"]
[PlyCount "202"]
[EventDate "2025.02.18"]
[EventType "swiss"]
[EventRounds "9"]
[EventCountry "ENG"]
[SourceTitle "BritBase"]
[Source "John Saunders"]
[SourceDate "2025.02.21"]
[SourceVersion "1"]
[SourceVersionDate "2025.02.21"]
[SourceQuality "1"]

1. d4 d5 2. c4 e6 3. Nc3 Nf6 4. Bg5 Nbd7 5. e3 Be7 6. Nf3 h6 7. Bh4 Ne4 8. Bxe7 Qxe7 9. Bd3 Nxc3 10. bxc3 dxc4 11. Bxc4 b6 12. O-O Bb7 13. Qe2 O-O 14. Ba6 Bxa6 15. Qxa6 Nf6 16. a4 Qd6 17. a5 Rfc8 18. Ne5 Nd5 19. axb6 cxb6 20. Qb7 Qc7 21. Qxc7 Rxc7 22. Rfb1 f6 23. Nf3 Rcc8 24. Ra6 Rxc3 25. Rba1 Nc7 26. R6a2 a5 27. Kf1 Nd5 28. Rb2 Rac8 29. Rab1 Rc1+ 30. Rxc1 Rxc1+ 31. Ke2 Rc6 32. Nd2 Nb4 33. g3 Kf7 34. f4 Ke7 35. Ne4 Kd7 36. Kd2 Kc7 37. Nc3 Kb7 38. e4 Rc4 39. Ne2 Ka6 40. g4 a4 41. f5 e5 42. dxe5 fxe5 43. Nc3 Ka5 44. h4 Rd4+ 45. Ke2 Rd3 46. Na2 Rd4 47. Rxb4 Rxb4 48. Nxb4 Kxb4 49. Kd2 Kc5 50. g5 hxg5 51. h5 a3 52. Kc2 a2 53. Kb2 g4 54. f6 gxf6 55. h6 g3 56. h7 g2 57. h8=Q a1=Q+ 58. Kxa1 g1=Q+ 59. Ka2 Qf2+ 60. Ka1 Qd4+ 61. Ka2 Qxe4 62. Qxf6 Qc4+ 63. Kb2 e4 64. Qe7+ Kb5 65. Qe8+ Kb4 66. Qe7+ Ka4 67. Qa7+ Kb5 68. Qd7+ Qc6 69. Qf5+ Kc4 70. Qf1+ Kb4 71. Qe1+ Ka4 72. Qd1+ Ka5 73. Qd2+ Ka6 74. Qe3 Qa4 75. Qe1 b5 76. Qe3 Qb4+ 77. Ka2 Qc4+ 78. Kb2 b4 79. Qh6+ Kb5 80. Qh5+ Kc6 81. Qe8+ Kd5 82. Qd7+ Ke5 83. Qe7+ Kf4 84. Qh4+ Ke3 85. Qg3+ Kd2 86. Qf2+ Qe2 87. Qd4+ Ke1+ 88. Kc1 e3 89. Qh4+ Qf2 90. Qh1+ Qf1 91. Qh4+ Ke2+ 92. Kb2 Qf2 93. Qxb4 Kf1+ 94. Ka3 e2 95. Qb1+ e1=Q 96. Qb5+ Kg1 97. Qg5+ Qg3+ 98. Ka2 Qxg5 99. Kb2 Qc5 100. Ka2 Qeb4 101. Ka1 Qca5# 0-1

[Event "Isle of Wight International"]
[Site "Ryde"]
[Date "2025.02.21"]
[Round "6.58"]
[White "Jacobs, Simon"]
[Black "Smith, Steve"]
[Result "1/2-1/2"]
[WhiteElo "1775"]
[BlackElo "1867"]
[PlyCount "71"]
[EventDate "2025.02.18"]
[EventType "swiss"]
[EventRounds "9"]
[EventCountry "ENG"]
[SourceTitle "BritBase"]
[Source "John Saunders"]
[SourceDate "2025.02.21"]
[SourceVersion "1"]
[SourceVersionDate "2025.02.21"]
[SourceQuality "1"]

1. e4 e5 2. Nf3 Nc6 3. Nc3 Nf6 4. d4 exd4 5. Nxd4 Bc5 6. Be3 Bb6 7. Qd2 O-O 8. O-O-O Ng4 9. Bg5 Qe8 10. Nxc6 bxc6 11. Bh4 d6 12. Re1 Ne5 13. f3 Bd7 14. Be2 Qc8 15. g4 Rb8 16. Na4 Qb7 17. Nxb6 Qxb6 18. Qc3 Rb7 19. Bg3 Rfb8 20. Bxe5 dxe5 21. Bc4 Qxb2+ 22. Qxb2 Rxb2 23. Bb3 R2xb3 24. cxb3 Kf8 25. Rd1 Ke7 26. Rd3 Be6 27. Kd2 a5 28. Rc1 Rb6 29. Rc5 a4 30. Rxe5 f6 31. Rc5 axb3 32. axb3 Bxb3 33. Ke3 Ba4 34. h4 Rb1 35. Ra5 Bb5 36. Ra7 1/2-1/2

[Event "Isle of Wight International"]
[Site "Ryde"]
[Date "2025.02.22"]
[Round "7.1"]
[White "Chatalbashev, Boris"]
[Black "Cheng, Bobby Sky"]
[Result "1/2-1/2"]
[WhiteElo "2489"]
[BlackElo "2594"]
[PlyCount "61"]
[EventDate "2025.02.18"]
[EventType "swiss"]
[EventRounds "9"]
[EventCountry "ENG"]
[SourceTitle "BritBase"]
[Source "John Saunders"]
[SourceDate "2025.02.21"]
[SourceVersion "1"]
[SourceVersionDate "2025.02.21"]
[SourceQuality "1"]

1. Nf3 d5 2. g3 Nf6 3. Bg2 e6 4. c4 Be7 5. d4 O-O 6. Nc3 dxc4 7. Ne5 Nc6 8. Bxc6 bxc6 9. Nxc6 Qe8 10. Nxe7+ Qxe7 11. Qa4 Nd5 12. Qxc4 a5 13. Bd2 Ba6 14. Qc5 Qd7 15. f3 Rfb8 16. b3 Rb6 17. Rc1 Rc6 18. Qa3 Nb4 19. Be3 Nd5 20. Nxd5 exd5 21. Rxc6 Qxc6 22. Kf2 a4 23. Rc1 Qb5 24. Rc2 axb3 25. axb3 h5 26. b4 c6 27. Qa5 Qb7 28. Ra2 Qc8 29. Qb6 Bb5 30. Rxa8 Qxa8 31. Qc7 1/2-1/2

[Event "Isle of Wight International"]
[Site "Ryde"]
[Date "2025.02.22"]
[Round "7.2"]
[White "Wadsworth, Matthew J"]
[Black "Badacsonyi, Stanley"]
[Result "1-0"]
[WhiteElo "2489"]
[BlackElo "2307"]
[PlyCount "105"]
[EventDate "2025.02.18"]
[EventType "swiss"]
[EventRounds "9"]
[EventCountry "ENG"]
[SourceTitle "BritBase"]
[Source "John Saunders"]
[SourceDate "2025.02.21"]
[SourceVersion "1"]
[SourceVersionDate "2025.02.21"]
[SourceQuality "1"]

1. d4 Nf6 2. c4 g6 3. g3 Bg7 4. Bg2 O-O 5. Nc3 d6 6. Nf3 c5 7. d5 e6 8. O-O exd5 9. cxd5 Re8 10. Bf4 h6 11. Qc1 g5 12. Be3 Bf5 13. h4 g4 14. Nd2 Rxe3 15. fxe3 Bg6 16. Nc4 Qe7 17. Nb5 Ne8 18. e4 a6 19. Nc3 Nd7 20. a4 Rd8 21. a5 Kh7 22. Ra3 h5 23. Nb1 Nc7 24. Rb3 Rb8 25. Nba3 Ne8 26. Qf4 Bh6 27. Qf2 Ng7 28. Ne3 f6 29. Nac4 Kg8 30. Kh2 Kh7 31. Bh1 Kg8 32. Rd1 Kh7 33. Bg2 Kg8 34. Re1 Kh7 35. Nf5 Nxf5 36. exf5 Be8 37. e4 Ne5 38. Nxe5 Qxe5 39. Bf1 Kg8 40. Rb6 Bf7 41. Bc4 Kf8 42. Kg2 Kg8 43. Qc2 Re8 44. Rxb7 Qd4 45. Rb3 Qd2+ 46. Qxd2 Bxd2 47. Re2 Bxa5 48. Ra3 Bd8 49. Rxa6 Be7 50. Ra7 Kf8 51. b3 Bd8 52. Rd7 Be7 53. Ra2 1-0

[Event "Isle of Wight International"]
[Site "Ryde"]
[Date "2025.02.22"]
[Round "7.3"]
[White "Ghasi, Ameet K"]
[Black "Plat, Vojtech"]
[Result "1/2-1/2"]
[WhiteElo "2506"]
[BlackElo "2459"]
[PlyCount "174"]
[EventDate "2025.02.18"]
[EventType "swiss"]
[EventRounds "9"]
[EventCountry "ENG"]
[SourceTitle "BritBase"]
[Source "John Saunders"]
[SourceDate "2025.02.21"]
[SourceVersion "1"]
[SourceVersionDate "2025.02.21"]
[SourceQuality "1"]

1. c4 g6 2. g3 Bg7 3. Bg2 e5 4. Nc3 Nc6 5. d3 Nge7 6. Rb1 a5 7. a3 O-O 8. e3 d6 9. b4 axb4 10. axb4 e4 11. d4 Be6 12. Bxe4 Bxc4 13. b5 Na5 14. Nge2 d5 15. Bg2 b6 16. Ba3 c5 17. bxc6 Naxc6 18. Bxe7 Nxe7 19. O-O Ra5 20. Qd2 Qd6 21. Rb2 Rc8 22. Rfb1 Rc6 23. Nf4 Qc7 24. Na2 Qa7 25. Nb4 Rd6 26. Nbd3 b5 27. Ne5 Bxe5 28. dxe5 Rd8 29. e6 d4 30. exf7+ Bxf7 31. exd4 Rxd4 32. Qe1 b4 33. h4 Nf5 34. Rxb4 Rxb4 35. Qxb4 Ra1 36. Rxa1 Qxa1+ 37. Kh2 Qd4 38. Qb8+ Kg7 39. Nh3 h6 40. Qc7 Qd6 41. Qc3+ Qd4 42. Qc1 Qe5 43. Kh1 Qd4 44. Qe1 Qd6 45. Kg1 Qd4 46. Kh2 Qd6 47. Qe4 Qd4 48. Qb7 Kf6 49. Qf3 Kg7 50. h5 Ne7 51. Qe2 Qf6 52. hxg6 Nxg6 53. Be4 Qe5 54. Qd3 Ne7 55. Nf4 h5 56. Qe3 Ng8 57. Bf3 Qxe3 58. fxe3 Kh6 59. Kh3 Ne7 60. Be4 Kg5 61. Kg2 Bb3 62. Nh3+ Kf6 63. Kf3 Be6 64. Nf2 Kg5 65. Bb7 Ng6 66. Ne4+ Kf5 67. Nc5 Ne5+ 68. Kf2 Bf7 69. Bc8+ Kg5 70. Ne4+ Kg6 71. Nd6 Kg5 72. Ne4+ Kg6 73. Nd2 Be8 74. e4 Bc6 75. Ke3 Kf6 76. Kd4 Be8 77. Kd5 Bf7+ 78. Kd6 Ba2 79. Bf5 Bg8 80. Nf1 Nc4+ 81. Kc5 Ke5 82. Bg6 Be6 83. Bxh5 Kxe4 84. Be2 Ne3 85. Nd2+ Ke5 86. Nf3+ Kf6 87. Nd4 Bh3 1/2-1/2

[Event "Isle of Wight International"]
[Site "Ryde"]
[Date "2025.02.22"]
[Round "7.4"]
[White "Bogner, Sebastian"]
[Black "Gormally, Daniel W"]
[Result "1/2-1/2"]
[WhiteElo "2540"]
[BlackElo "2435"]
[PlyCount "81"]
[EventDate "2025.02.18"]
[EventType "swiss"]
[EventRounds "9"]
[EventCountry "ENG"]
[SourceTitle "BritBase"]
[Source "John Saunders"]
[SourceDate "2025.02.21"]
[SourceVersion "1"]
[SourceVersionDate "2025.02.21"]
[SourceQuality "1"]

1. e4 c5 2. Nf3 d6 3. d4 cxd4 4. Nxd4 Nf6 5. Nc3 Nc6 6. Bg5 e6 7. Qd2 Be7 8. O-O-O O-O 9. h4 Qb6 10. Be3 Ng4 11. Nxc6 Qxc6 12. Bd4 a6 13. f3 Ne5 14. Kb1 b5 15. b3 Bb7 16. h5 Rac8 17. h6 g6 18. Ne2 Rfd8 19. Bb2 Qc7 20. Nd4 d5 21. f4 Nc4 22. bxc4 dxc4 23. c3 Bxe4+ 24. Ka1 b4 25. Qe3 f5 26. Be2 Qa5 27. Rd2 b3 28. Bc1 Bf6 29. Rb2 Rxd4 30. cxd4 Bd5 31. Kb1 c3 32. Rxb3 Bxb3 33. axb3 c2+ 34. Kb2 Qd5 35. Ka2 Bxd4 36. Qd2 Rc3 37. Bc4 Rxc4 38. bxc4 Qxc4+ 39. Ka3 Bc5+ 40. Kb2 Bd4+ 41. Ka3 1/2-1/2

[Event "Isle of Wight International"]
[Site "Ryde"]
[Date "2025.02.22"]
[Round "7.5"]
[White "Prado, Alexandra"]
[Black "Fathallah, Joe"]
[Result "1-0"]
[WhiteElo "1938"]
[BlackElo "2044"]
[PlyCount "89"]
[EventDate "2025.02.18"]
[EventType "swiss"]
[EventRounds "9"]
[EventCountry "ENG"]
[SourceTitle "BritBase"]
[Source "John Saunders"]
[SourceDate "2025.02.21"]
[SourceVersion "1"]
[SourceVersionDate "2025.02.21"]
[SourceQuality "1"]

1. e4 e6 2. d4 d5 3. e5 c5 4. Nf3 cxd4 5. Nxd4 Nc6 6. Bb5 Bd7 7. Nxc6 bxc6 8. Bd3 Qc7 9. Qe2 Ne7 10. Nd2 Ng6 11. Nf3 Bc5 12. c3 a5 13. O-O Ba7 14. Re1 Bb8 15. g3 O-O 16. b3 c5 17. h4 f6 18. exf6 gxf6 19. h5 Ne7 20. c4 Nc6 21. Bh6 Rd8 22. Nh4 e5 23. Nf5 Bxf5 24. Bxf5 Nd4 25. Qg4+ Kh8 26. cxd5 Ra6 27. Rac1 Nxf5 28. Qxf5 Rxd5 29. Rc4 Qd8 30. Rg4 Ra7 31. Qe6 Rd4 32. Ree4 Rxe4 33. Rxe4 Rd7 34. Be3 Ba7 35. h6 Qe7 36. Qa6 Qd6 37. Qc8+ Rd8 38. Qg4 Qd1+ 39. Qxd1 Rxd1+ 40. Kg2 Kg8 41. Rg4+ Kh8 42. Rg7 Bb6 43. Rb7 Bd8 44. Bxc5 Rd5 45. Rb8 1-0

[Event "Isle of Wight International"]
[Site "Ryde"]
[Date "2025.02.22"]
[Round "7.6"]
[White "Camacho Collados, Marcos"]
[Black "Kreken, Eivind Grunt"]
[Result "1-0"]
[WhiteElo "2459"]
[BlackElo "2285"]
[PlyCount "91"]
[EventDate "2025.02.18"]
[EventType "swiss"]
[EventRounds "9"]
[EventCountry "ENG"]
[SourceTitle "BritBase"]
[Source "John Saunders"]
[SourceDate "2025.02.21"]
[SourceVersion "1"]
[SourceVersionDate "2025.02.21"]
[SourceQuality "1"]

1. g3 d5 2. Nf3 c5 3. c4 e6 4. cxd5 exd5 5. Bg2 Nf6 6. d4 Nc6 7. O-O Be7 8. Nc3 O-O 9. Be3 c4 10. Ne5 h6 11. Bf4 Bf5 12. Rc1 Rc8 13. h3 Qa5 14. g4 Bh7 15. Qd2 Rfd8 16. Rfd1 Bb4 17. a3 Bxc3 18. Qxc3 Qxc3 19. Rxc3 b5 20. Nxc6 Rxc6 21. Rcc1 a5 22. Bd2 Ra6 23. f3 Nd7 24. f4 Nb6 25. f5 Na4 26. Rf1 g6 27. Rb1 gxf5 28. gxf5 Re8 29. Rf2 Rd8 30. Kh2 h5 31. b3 Nb6 32. b4 Na4 33. Rg1 Kf8 34. bxa5 c3 35. Bg5 Rd7 36. Bh1 Rdd6 37. Rf3 Rac6 38. Re3 Rd7 39. f6 Re6 40. Bh6+ Ke8 41. Rg7 Rxe3 42. Bxe3 Rd6 43. Rxh7 Re6 44. Bg5 Rxe2+ 45. Bg2 c2 46. a6 1-0

[Event "Isle of Wight International"]
[Site "Ryde"]
[Date "2025.02.22"]
[Round "7.7"]
[White "Bezuidenhout, Roland"]
[Black "Larkin, Vladyslav"]
[Result "0-1"]
[WhiteElo "2283"]
[BlackElo "2441"]
[PlyCount "113"]
[EventDate "2025.02.18"]
[EventType "swiss"]
[EventRounds "9"]
[EventCountry "ENG"]
[SourceTitle "BritBase"]
[Source "John Saunders"]
[SourceDate "2025.02.21"]
[SourceVersion "1"]
[SourceVersionDate "2025.02.21"]
[SourceQuality "1"]

1. c4 e5 2. g3 Nc6 3. Bg2 Bc5 4. Nc3 d6 5. Nf3 a6 6. e3 Nf6 7. O-O O-O 8. b3 Re8 9. d4 exd4 10. exd4 Bb4 11. Bb2 Bxc3 12. Bxc3 d5 13. Rc1 Ne7 14. Re1 c6 15. h3 Bf5 16. Nh4 Be6 17. Qd3 Qd7 18. g4 dxc4 19. bxc4 b5 20. cxb5 axb5 21. Bb4 Ned5 22. a3 h5 23. g5 Nf4 24. Qg3 N6d5 25. Bd2 Nxg2 26. Kxg2 Ne7 27. Kh2 Nf5 28. Nxf5 Bxf5 29. Rxe8+ Rxe8 30. Be3 Be4 31. Rc5 Bd5 32. g6 Re6 33. gxf7+ Qxf7 34. Bg5 Re1 35. Rc1 h4 36. Qb8+ Kh7 37. Qf4 Qxf4+ 38. Bxf4 Re2 39. Kg1 Kg6 40. Kf1 Ra2 41. Rc3 Kf5 42. Be5 g5 43. Re3 g4 44. hxg4+ Kxg4 45. Ke1 Bf3 46. Kf1 Ra1+ 47. Re1 Rxa3 48. Bd6 Rd3 49. Bc5 h3 50. Kg1 Rd1 51. Rxd1 Bxd1 52. Kh2 Bf3 53. Bd6 Bg2 54. f4 Be4 55. Kg1 Kf3 56. Kh2 Bf5 57. Kg1 0-1

[Event "Isle of Wight International"]
[Site "Ryde"]
[Date "2025.02.22"]
[Round "7.8"]
[White "Turner, Matthew J"]
[Black "Czopor, Maciej"]
[Result "1-0"]
[WhiteElo "2438"]
[BlackElo "2409"]
[PlyCount "71"]
[EventDate "2025.02.18"]
[EventType "swiss"]
[EventRounds "9"]
[EventCountry "ENG"]
[SourceTitle "BritBase"]
[Source "John Saunders"]
[SourceDate "2025.02.21"]
[SourceVersion "1"]
[SourceVersionDate "2025.02.21"]
[SourceQuality "1"]

1. d4 Nf6 2. Bg5 g6 3. e3 Bg7 4. Nd2 h6 5. Bh4 O-O 6. Be2 d6 7. c3 Nbd7 8. g4 e5 9. g5 Nh7 10. gxh6 Qxh4 11. hxg7 Re8 12. Ngf3 Qh6 13. Qb3 Nb6 14. O-O-O Be6 15. Qc2 Bf5 16. Bd3 Bxd3 17. Qxd3 Qh5 18. dxe5 dxe5 19. Qc2 Rad8 20. h4 e4 21. Ng5 Nxg5 22. hxg5 Qxg5 23. Rdg1 Qe5 24. Nxe4 Kxg7 25. Ng5 Rh8 26. Nxf7 Kxf7 27. Qxg6+ Ke7 28. Rh7+ Rxh7 29. Qxh7+ Ke6 30. Rg6+ Kd5 31. Rxb6 axb6 32. Qd3+ Kc6 33. Qxd8 Qe6 34. a4 Qg6 35. Qd1 Qg2 36. c4 1-0

[Event "Isle of Wight International"]
[Site "Ryde"]
[Date "2025.02.22"]
[Round "7.9"]
[White "Fava, Lorenzo"]
[Black "Beerdsen, Thomas"]
[Result "0-1"]
[WhiteElo "2269"]
[BlackElo "2511"]
[PlyCount "114"]
[EventDate "2025.02.18"]
[EventType "swiss"]
[EventRounds "9"]
[EventCountry "ENG"]
[SourceTitle "BritBase"]
[Source "John Saunders"]
[SourceDate "2025.02.21"]
[SourceVersion "1"]
[SourceVersionDate "2025.02.21"]
[SourceQuality "1"]

1. d4 d5 2. c4 c6 3. Nf3 Nf6 4. Nc3 dxc4 5. a4 Bf5 6. e3 e6 7. Bxc4 Bb4 8. O-O O-O 9. Qb3 Qe7 10. Bd2 a5 11. Rfe1 Bg6 12. Ne5 Nbd7 13. Nxg6 hxg6 14. Rad1 Rad8 15. Na2 Bxd2 16. Rxd2 Nc5 17. Qc2 Nce4 18. Rdd1 Nd6 19. Bf1 Nf5 20. Qc3 Qc7 21. e4 Ne7 22. b4 axb4 23. Qxb4 Rd7 24. Nc3 Rfd8 25. a5 Ra8 26. Ra1 e5 27. dxe5 Qxe5 28. Red1 Rxd1 29. Rxd1 Rxa5 30. Nd5 Nexd5 31. Qxa5 Nxe4 32. Bc4 Qf4 33. Bxd5 Qxf2+ 34. Kh1 cxd5 35. Qxd5 Nc3 36. Qd8+ Kh7 37. Rc1 Qf4 38. Re1 Ne4 39. Qb6 Nf2+ 40. Kg1 Ng4 41. g3 Qd2 42. Re8 Qxh2+ 43. Kf1 Qxg3 44. Qd4 Qh4 45. Ke2 Qh5 46. Kd2 Qa5+ 47. Kd1 Qf5 48. Qd8 g5 49. Rh8+ Kg6 50. Qb6+ Nf6 51. Rd8 Qe4 52. Rd4 Qf3+ 53. Kd2 Kh5 54. Qb1 g4 55. Qb5+ Kh6 56. Rd8 g3 57. Rh8+ Kg6 0-1